<?xml version="1.0" encoding="UTF-8"?>
<marc:record xmlns:marc="http://www.loc.gov/MARC21/slim">
   <marc:leader>00000nam a2200000 a 4500</marc:leader>
   <marc:datafield ind1="1" ind2=" " tag="100">
      <marc:subfield code="a">Kling, Marc-Uwe</marc:subfield>
   </marc:datafield>
   <marc:datafield ind1="1" ind2=" " tag="100">
      <marc:subfield code="a">Thomass, Rosalie</marc:subfield>
   </marc:datafield>
   <marc:datafield ind1="1" ind2=" " tag="100">
      <marc:subfield code="a">Hübchen, Henry</marc:subfield>
   </marc:datafield>
   <marc:datafield ind1="1" ind2=" " tag="100">
      <marc:subfield code="a">Schaad, Dimitrij</marc:subfield>
   </marc:datafield>
   <marc:datafield ind1="1" ind2=" " tag="100">
      <marc:subfield code="a">Levy, Dani</marc:subfield>
   </marc:datafield>
   <marc:datafield ind1="0" ind2="0" tag="245">
      <marc:subfield code="a">Die Känguru-Chroniken [Bildtonträger]</marc:subfield>
   </marc:datafield>
   <marc:datafield ind1="0" ind2="0" tag="245">
      <marc:subfield code="c">Regie: Dani Levy. Mit Dimitrij Schaad, Henry Hübchen, Rosalie Thomass...</marc:subfield>
   </marc:datafield>
   <marc:datafield ind1=" " ind2="1" tag="264">
      <marc:subfield code="b">Warner Home Video</marc:subfield>
      <marc:subfield code="c">2021</marc:subfield>
   </marc:datafield>
   <marc:datafield ind1="1" ind2=" " tag="520">
      <marc:subfield code="a">Der unterambitionierte Berliner Kleinkünstler Marc-Uwe und das vorlaute Känguru nehmen es mit dem rechtspopulistischen Immobilienhai Dwigs auf, der den malerischen Nachbarschaftskiez verschandeln will. Doch davor müssen die beiden sich erst mal kennenlernen. Und das geschieht, als das sprechende Beuteltier bei Marc-Uwe an der Tür klingelt und wenig später ungefragt sein Mitbewohner wird. Fortan häufen sich die abstrusen Erlebnisse des ungleichen Teams. Denn wo das antikapitalistische Känguru ist, da ist auch das Chaos nicht weit. Das Tier unterwandert jede gesellschaftliche Regel mit Links. Die eigene Faulheit zum Beispiel stellt es wortgewandt als Akt der Rebellion gegen den Kapitalismus hin. WG-Regeln sind in den Augen des Kängurus nur eine mildere Form der Unterdrückung.</marc:subfield>
   </marc:datafield>
   <marc:datafield ind1=" " ind2=" " tag="020">
      <marc:subfield code="a">5051890321756</marc:subfield>
      <marc:subfield code="9">5051890321756</marc:subfield>
   </marc:datafield>
   <marc:datafield ind1=" " ind2=" " tag="500">
      <marc:subfield code="a">Orig.: Deutschland 2020. Sprache: Deutsch (Dolby Digital 5.1). Untertitel: Deutsch (für Hörgeschädigte)</marc:subfield>
   </marc:datafield>
   <marc:datafield ind1="0" ind2=" " tag="490">
      <marc:subfield code="v">0</marc:subfield>
   </marc:datafield>
   <marc:datafield ind1=" " ind2=" " tag="300">
      <marc:subfield code="a">1 DVD (89 Min.) : farbig</marc:subfield>
   </marc:datafield>
</marc:record>
